000 00513nam a2200169Ia 4500
999 _c338768
_d338668
003 KE-NaHC
005 20231004120027.0
008 130518s9999 xx 000 0 und d
020 _a0800660234
040 _aKE-NaHC
_beng
_cKE-NaHC
_dKE-NaHC
100 _aShalom M. Paul
_969207
245 1 0 _aAmos:
_b a commentary on the Book of Amos
260 _aMinneapolis
_bFortress Press
_c1991
440 _aHermeneia
_97689
650 _aBible OT
_xAmos
_xCommentaries
_966670
942 _hBS
_i413
_m.H4.PAU
_cBK
_011